Can You Name the Top 50 Oldest Coasters in North America? - Statistics

General Stats
  • This quiz has been taken 8 times
  • The average score is 32 of 50
Answer Stats
Year opened Coaster % Correct
1964 Blue Streak
100%
1946 Comet
100%
1951 Comet
100%
1920 Jack Rabbit
100%
1920 Jack Rabbit
100%
1902 Leap The Dips
100%
1927 Racer
100%
1972 Racer
100%
1924 Thunderbolt
100%
1941 Thunderbolt
100%
1958 Coaster
83%
1927 Cyclone
83%
1933 Cyclone
83%
1940 Cyclone
83%
1968 Cyclone
83%
1967 Dahlonega Mine Train
83%
1928 Dragon Coaster
83%
1950 Little Dipper
83%
1952 Little Dipper
83%
1952 Little Dipper
83%
1956-1957 Little Dipper
83%
1959 Matterhorn Bobsleds
83%
1921 Roller Coaster
83%
1960 Roller Coaster
83%
1969 Cedar Creek Mine Ride
67%
1966 Runaway Mine Train
67%
1927 Wildcat
67%
1972 Woodstock Express
67%
1958 Big Dipper
50%
1954 Bobsleds
50%
1924 Giant Dipper
50%
1925 Giant Dipper
50%
1961 Lil Dipper
50%
1969 Mini Mine Train
50%
1971 River King Mine Train
50%
1938 Rollo Coaster
50%
1924 Thunderhawk
50%
1967 Cannon Ball
33%
1935 Classic Coaster
33%
1928 Kiddy Coaster
33%
1930 Legend
33%
1967 Marche du Mille-Pattes
33%
1956 Sea Dragon
33%
1966 Swamp Fox
33%
1936 Yankee Cannonball
33%
1972 Fire in the Hole
17%
1971 Gold Rusher
17%
1955 Wild Chipmunk
17%
1959 Little Coaster
0%
1971 Magic Flyer
0%
No matching quizzes found
Score Distribution
Percent of People with Each Score
Percentile by Number Answered
Your Score History
You have not taken this quiz